Privatization in Eastern Europe <A> Critical Approach

Uložené v:
Podrobná bibliografia
Hlavný autor: Major, Iván
Médium: Kniha
Jazyk:English
Vydavateľské údaje: Aldershot Edward Elgar Publ. 1993
Vydanie:1. ed.
Edícia:Studies of Communism in Transition
Predmet:
Tagy: Pridať tag
Žiadne tagy, Buďte prvý, kto otaguje tento záznam!

MARC

LEADER 00000nam a2200000 4500
001 c014375
005 20221206074926.1
020 |a 1-85278-887-9 
041 0 |a eng 
044 |a GB 
245 1 0 |a Privatization in Eastern Europe  |b <A> Critical Approach  |c Iván Major 
250 |a 1. ed. 
264 1 |a Aldershot  |b Edward Elgar Publ.  |c 1993 
300 |a 164 s. 
490 1 |a Studies of Communism in Transition 
830 0 |a Studies of Communism in Transition 
610 2 0 |a privatizácia 
610 2 0 |a východná Európa 
610 2 0 |a politika hospodárska 
100 1 |a Major, Iván